000 00330nam a22001337a 4500
008 180910b xxu||||| |||| 00| 0 eng d
020 _a0891187782
041 _aeng
080 _a574
100 _a9
101 _aMJE
245 _aInteractions of Soil Minerals with Natural Organics and Microbes
_cHuang, P.M
942 _2udc
_cBK
999 _c47633
_d47633